000 00887nam a22002057a 4500
999 _c7882
_d7882
003 AR-CdUCM
008 190321b ||||| |||| 00| 0 spa d
040 _aMUNICIPALIDAD PROVINCIAL DEL CUSCO
_cBIBLIOTECA MUNICIPAL DEL CUSCO
082 _a630 /
_bC55
100 _aChu Yong, Gerardo
_922287
245 _aCondiciones y medio ambiente del trabajo en la agricultura peruana /
260 _aLima :
_bCentro Interamericano de Administracion del trabajo,
_c1984.
300 _a105 paginas ;
_bCuadros, diagramas,
_c29 cm.
505 _aContenido : Una visión de conjunto de la agricultura peruana -- La colonización de alto mayo -- La cooperativa agraria de producción azucarera -- El valle de Huaral - Chancay - Aucallama...
650 _aMedio ambiente
_97215
650 _aCondiciones trabajo
_922288
650 _aCooperativa agraria
_922289
942 _2ddc
_cLIBROS
945 _awnts